| 000 | 00598nam a2200205 4500 | ||
|---|---|---|---|
| 003 | OSt | ||
| 005 | 20240725021859.0 | ||
| 006 | a | ||
| 008 | 240725b |||||||| |||| 00| 0 eng d | ||
| 020 | _a9781405190176 | ||
| 040 |
_aDWCL-Main lib. _cOC |
||
| 082 | _aCirc. 624.1 Y46h 2009 | ||
| 100 | _aYeomans, David | ||
| 245 | _aHow structures work : design and behaviour from bridges to buildings / | ||
| 260 |
_aUK: _bWiley - Blackwell, _cc2009. |
||
| 300 |
_axv, _b248 p. : ill. ; _c25 cm. |
||
| 504 | _aIncludes index. | ||
| 650 | _a1. Structural engineering. | ||
| 942 |
_2ddc _n0 _cBK-CIRC _kCirc. |
||
| 999 |
_c2703 _d2703 |
||